Films en images - I - Statistiques

Statistiques générales
  • Ce quiz a été pris 376 fois
  • Le résultat moyen est 8 sur 16
Statistiques - réponses
Par images Réponse % Correct
Iron Man
96%
Intouchables
95%
Indiana Jones
92%
Interstellar
86%
Inception
81%
Un Indien dans la ville
71%
Insaisissables
53%
Inglourious Basterds
48%
Into the Wild
42%
Les Infidèles
38%
Il était une fois
33%
Les Infiltrés
29%
Insidious
26%
Independence day
17%
Inséparables
8%
Irréductible
6%
Aucun quiz correspondant
Distribution des résultats
% des personnes avec chaque résultat
Percentile par nombre de réponses
Votre historique - résultats
Vous n’avez pas pris ce quiz